Normal view MARC view
  • TCC-05

Entry Geographic Name

Number of records used in: 3

001 - CONTROL NUMBER

  • control field: 98717

003 - CONTROL NUMBER IDENTIFIER

  • control field: NUST

005 - DATE AND TIME OF LATEST TRANSACTION

  • control field: 20220831104534.0

008 - FIXED-LENGTH DATA ELEMENTS

  • fixed length control field: 220831|| aca||aabn | a|a d

040 ## - CATALOGING SOURCE

  • Original cataloging agency: NUST
  • Transcribing agency: NUST

151 ## - HEADING--GEOGRAPHIC NAME

  • Geographic name: TCC-05

670 ## - SOURCE DATA FOUND

  • Source citation: Work cat.: (NUST)183380: Zaidi , Ali Syed NC (TCC-05) 98715, Microprocessor controlled digital switch and interface card
© 2023 Central Library, National University of Sciences and Technology. All Rights Reserved.